Statistics for "Shape of You" - Ed Sheeran Lyrics

Click here to take the quiz!

General Stats

  • This quiz has been taken 252 times
  • The average score is 29 of 38

Answer Stats

Lyrics Answer % Correct
The ….. isn't the best placeclub
97%
So the ….. is where I gobar
96%
Take my ……., stophand
91%
I'm in love with your …..body
91%
Come on now, follow my …..lead
91%
I'm in love with your ….., oh I oh I oh I oh Ibody
91%
Come on now, follow my …..lead
91%
Say, boy, let's not ……. too muchtalk
89%
I'm in love with the …… … ….shape of you
89%
To find a …….lover
89%
….., you know I want your loveGirl
87%
And last night you were in my …..room
87%
Me and my friends at the …….table
87%
And then we start to …...dance
87%
Doing ……. drinking faster and then we talk slowshots
86%
We're going out on our first …..date
85%
Come over and start up a …………. with just meconversation
85%
Every day discovering something ……. ….brand new
81%
We push and pull like a …….. domagnet
81%
Grab on my ……. and put that body on mewaist
80%
And now my …………. smell like youbedsheets
80%
I may be ……., don't mind mecrazy
79%
Although my …… is falling toheart
77%
And trust me I'll give it a …….. nowchance
75%
And I'm ……… likesinging
72%
And now I'm ………. likesinging
72%
Your love was ……….. for somebody like mehandmade
71%
Leave and get in a …..taxi
70%
One week in we let the ……. beginstory
67%
Then kiss in the ………..backseat
66%
And how your ...….. is doing okayfamily
65%
Tell the …….. make the radio playdriver
63%
And I fill up a ……..plate
62%
We talk for hours and hours about the ……. … … …..sweet and the sour
59%
Fill up your ….bag
47%
So go .… you can eatall
44%
You and me are ……..thrifty
41%
Put … … … on the jukeboxVan The Man
27%

Score Distribution

Percentile by Number Answered

Percent of People with Each Score

Your Score History

You have not taken this quiz